[Event "Valle Region-ch U20"]
[Site "Cali"]
[Date "2017.02.18"]
[Round "4.8"]
[White "Mesa Parra, Esteban"]
[Black "Nunez Valencia, Jhonier Andres"]
[Result "0-1"]
[WhiteElo "1252"]
[BlackElo "1676"]
[PlyCount "58"]
[EventDate "2017.02.17"]
[EventType "swiss"]
[EventRounds "7"]
[EventCountry "COL"]
[SourceTitle "EXT 2024"]
[Source "ChessBase"]
[SourceDate "2023.10.10"]
[SourceVersion "1"]
[SourceVersionDate "2023.10.10"]
[SourceQuality "1"]

1. e4 Nf6 2. Nc3 e5 3. Bc4 Bc5 4. Nf3 0-0 5. d3 h6 6. Qe2 Nc6 7. Be3 Bb6 8. 0-0-0 Bxe3+ 9. Qxe3 d6 10. Rdg1 Na5 11. Bb3 Nxb3+ 12. axb3 Be6 13. h4 c5 14. Nd5 Bxd5 15. exd5 Nxd5 16. Qe4 Nf4 17. Kd2 Qa5+ 18. c3 b5 19. g3 Ne6 20. g4 Rac8 21. g5 h5 22. g6 f5 23. Qd5 Rf6 24. Ng5 Re8 25. Nxe6 Rfxe6 26. f4 Kh8 27. fxe5 Rxe5 28. Qxd6 Re2+ 29. Kd1 Qa1# 0-1